000 00472nam a2200181Ia 4500
005 20250423094740.0
008 250422s9999 xx 000 0 und d
020 _a0- 471- 80170- 4
050 _aTK 145 .S616/
100 _aSmith, Ralph J.
245 0 _aCircuits, devices, and systems: a first course in electrical engineering
250 _a2nd ed.
260 _aNew York
260 _bJohn Wiley & Sons, Inc.
260 _c1966
300 _a743 p
942 _cBK
999 _c28177
_d28177